000 01065nas a2200349 4500
001 BR0503877
003 BR-BrBNA
005 20231205105529.0
007 ta
008 230509b bl.|||p| |||| 00| 00por d
040 _aBR-BrBNA
_bpor
_cBiblioteca Nacional de Agricultura
041 _a(Pt)
072 _aL02; L52
100 1 _aFreitas, A.C. de
100 1 _aFuentes, M. de F.F.
100 1 _aFreitas, E.R.
100 1 _aSucupira, F.S.
100 1 _aOliveira, B.C.M. de
245 1 _aEfeito de níveis de proteína bruta e de energia metabolizável na dieta sobre o desempenho de codornas de postura
650 _aCOTURNIX COTURNIX JAPONICA
650 _aCODORNA
650 _aPROTEÍNA BRUTA
650 _aRAÇÃO BALANCEADA
650 _aDIETA
650 _aPERFORMANCE
650 _aINGESTÃO
650 _aOVO
650 _aPRODUÇÃO ANIMAL
773 0 _tRevista Brasileira de Zootecnia (Brazil)
_xISSN 1516-3598
_g(May-Jun 2005), v. 34(3) p. 838-846
_wBR0503877
909 _a202311
_bLúcia
_c55
_dLúcia Elande
942 _2AGRIS
_n0
_cANA
999 _c183422
_d183422